• 首页
  • 本馆介绍
  • 公告通知
  • 最新文献
  • 馆藏检索
  • 电子资源
  • 读者导购
  • 参考咨询
  • 我的图书馆
  • 登录
  • 详细信息显示
  • 放入我的书架
  • 预约/预借图书
  • 作者相关作品
  • 分类相关作品
  • 丛书相关作品
  • 出版社相关作品

书目信息

  • 表格格式
  • 工作单格式
  • 卡片格式
题名:
新闻评论教程
    
 
作者: 王兴华 , 孙劲松 , 王从波 编著
分册:  
出版信息: 北京   北京师范大学出版社  2016.09
页数: 358页
开本: 23cm
丛书名:
单 册:
中图分类: G212.2 , G210
科图分类:
主题词: 评论性新闻--高等学校--教材
电子资源:
ISBN: 978-7-303-19759-0
000 01060nam0 2200265 450
001 3732
005 20181008135928.37
010    @a978-7-303-19759-0@dCNY39.80
100    @a20170215d2016 em y0chiy50 ea
101 0  @achi
102    @aCN@b110000
105    @ay z 000yy
200 1  @a新闻评论教程@9xin wen ping lun jiao cheng@f王兴华,孙劲松,王从波编著
210    @a北京@c北京师范大学出版社@d2016.09
215    @a358页@d23cm
300    @a新世纪高等学校教材 新闻传播学系列教材
330    @a本书共十四章,内容包括绪论,中国新闻评论的嬗变,新闻评论的地位、特点和作用,新闻评论的选题和立论,论据和论点的统一,新闻评论中的论证,新闻评论的标题、结构和文风,社论,时评,新闻述评,新闻评论的其他体裁,广播电视评论,网络言论,新闻评论工作者的基本素养。
606 0  @a评论性新闻@x高等学校@j教材
690    @aG212.2@v5
690    @aG210@v4
701  0 @a王兴华@9wang xing hua@c(新闻学)@4编著
701  0 @a孙劲松@9sun jin song@c(新闻学)@4编著
701  0 @a王从波@9wang cong bo@f(1966~)@4编著
801  0 @aCN@b91MARC@c20170215
905    @aMuseLib@dG210@e722
    
    新闻评论教程/王兴华,孙劲松,王从波编著.-北京:北京师范大学出版社,2016.09
    358页;23cm
    新世纪高等学校教材 新闻传播学系列教材
    
    ISBN 978-7-303-19759-0:CNY39.80
    本书共十四章,内容包括绪论,中国新闻评论的嬗变,新闻评论的地位、特点和作用,新闻评论的选题和立论,论据和论点的统一,新闻评论中的论证,新闻评论的标题、结构和文风,社论,时评,新闻述评,新闻评论的其他体裁,广播电视评论,网络言论,新闻评论工作者的基本素养。
●
相关链接 在E读中查询图书 在五车中查询图书 在当当中查询图书 在豆瓣中查询图书


正题名:新闻评论教程     索取号:G210/722         预约/预借

序号 登录号 条形码 馆藏地/架位号 状态 备注
1 1123452   211234528   第一样本阅览室/ [索取号:G210/722] 在馆    
2 1123453   211234537   第四借阅区/ [索取号:G210/722] 在馆    
3 1123454   211234546   第四借阅区/ [索取号:G210/722] 在馆    
4 1123455   211234555   第四借阅区/ [索取号:G210/722] 在馆    
5 1123456   211234564   第四借阅区/ [索取号:G210/722] 在馆    
唐山师范学院图书馆 欢迎您!
大连网信软件有限公司© 版权所有